000 00576nam a2200157 4500
001 5948
005 20181127180616.0
090 0 0 _aBUSINESS. No.1
245 0 0 _aTrend analysis of auditing observation categories :
_ba case of Thimphu dzongkha (municipality) /
_cStudent Work.
_h
260 0 0 _a[Thimphu] :
_b[Royal Thimphu College],
_c2016.
300 _a44 leaves.
_b
_c
_e
500 _aStudent research project for Business: 2016: Mrs. Priyanka Sharma, lecturer.
500 0 0 _aSpiral-bound xerographic copy.
650 _aAuditing.
_v
_x
_y
_z
_2
650 _aBusiness Project.
_v
_x
_y
_z
_2
999 _c5022
_d5022